000 00434nam a2200169Ia 4500
008 090122s9999 xx 000 0 und d
082 _b132
_aO155:9
100 _aजाधव
_bरा
_c
245 _aप्रतिमा
260 _bपरिमल
_c1982
300 _a93
600 _aजाधव
630 _aप्रतिमा
700 _aजाधव
730 _aप्रतिमा
942 _cBOOK
999 _c24210
_d24210